Dražší skládkování podpoří recyklaci odpadu

Rozhovor s Milanom Chromíkom, riaditeľom divízie odpady pre ČR a SR v spoločnosti Veolia o tom, čo je základom cirkulárnej ekonomiky a aké sú ciele Európskej komisie v tejto oblasti do roku 2030.

Guardado en:
Detalles Bibliográficos
Autor principal: Geussová, Milena
Otros Autores: Chromík, Milan
Formato: Capítulo de libro
Lenguaje:checo
Materias:
Etiquetas: Agregar Etiqueta
Sin Etiquetas, Sea el primero en etiquetar este registro!

MARC

LEADER 00000naa a2200000 4500
001 0219523
005 20221104112238.8
041 0 |a cze 
044 |a CZ 
245 1 0 |a Dražší skládkování podpoří recyklaci odpadu  |c Milena Geussová, Milan Chromík 
520 |a Rozhovor s Milanom Chromíkom, riaditeľom divízie odpady pre ČR a SR v spoločnosti Veolia o tom, čo je základom cirkulárnej ekonomiky a aké sú ciele Európskej komisie v tejto oblasti do roku 2030. 
610 2 0 |a rozhovor 
610 2 0 |a riaditelia 
610 2 0 |a divízie 
610 2 0 |a vedenie podniku 
610 2 0 |a komunikácia manažérska 
610 2 0 |a priemysel 
610 2 0 |a ekológia 
610 2 0 |a hospodárstvo odpadové 
100 1 |a Geussová, Milena 
700 1 |a Chromík, Milan